The Pensées philosophiques before the Pensées philosophiques (notice n° 1747749)
[ vue normale ]
| 000 -LEADER | |
|---|---|
| fixed length control field | 01596cam a2200169 4500500 |
| 005 - DATE AND TIME OF LATEST TRANSACTION | |
| control field | 20260322005340.0 |
| 041 ## - LANGUAGE CODE | |
| Language code of text/sound track or separate title | fre |
| 042 ## - AUTHENTICATION CODE | |
| Authentication code | dc |
| 100 10 - MAIN ENTRY--PERSONAL NAME | |
| Personal name | Bruno, Maria Teresa |
| Relator term | author |
| 245 00 - TITLE STATEMENT | |
| Title | The Pensées philosophiques before the Pensées philosophiques |
| 260 ## - PUBLICATION, DISTRIBUTION, ETC. | |
| Date of publication, distribution, etc. | 2024.<br/> |
| 500 ## - GENERAL NOTE | |
| General note | 66 |
| 520 ## - SUMMARY, ETC. | |
| Summary, etc. | The discovery of a new manuscript of Pensées philosophiques at Yale’s Lewis-Walpole Library has revealed the existence of a version of the text prior to its printing, entitled Pensées diverses pour servir d’éclaircissements à quelques endroits des principes de la philosophie morale ou de l’essai sur le mérite et sur la vertu. It is this initial version that is published here. The critical edition of the Pensées diverses is preceded by a description and dating of the manuscript. This is a copy on which two textual layers are present: 1) a copy of the Pensées diverses in the hand of an unidentified “copyist” at this stage, and 2) additions and corrections in the hand of D’Alembert (according to Kate Tunstall’s identification), the reworked whole giving us a version very close to the one printed in March 1746. A preliminary section takes into account all the second-hand contributions, as well as the differences between the revised version and the 1746 edition. |
| 700 10 - ADDED ENTRY--PERSONAL NAME | |
| Personal name | Boussuge, Emmanuel |
| Relator term | author |
| 786 0# - DATA SOURCE ENTRY | |
| Note | Recherches sur Diderot et sur l’Encyclopédie | 59 | 1 | 2024-12-11 | p. 13-59 | 0769-0886 |
| 856 41 - ELECTRONIC LOCATION AND ACCESS | |
| Uniform Resource Identifier | <a href="https://shs.cairn.info/journal-recherches-sur-diderot-et-sur-lencyclopedie-2024-1-page-13?lang=en&redirect-ssocas=7080">https://shs.cairn.info/journal-recherches-sur-diderot-et-sur-lencyclopedie-2024-1-page-13?lang=en&redirect-ssocas=7080</a> |
Pas d'exemplaire disponible.




Réseaux sociaux